[Event "LIV Festival B"]
[Site "Imperia ITA"]
[Date "2012.09.03"]
[Round "2"]
[White "Manino, Edoardo"]
[Black "Tagliano, Maurizio"]
[WhiteElo "1900"]
[BlackElo "1826"]
[Result "1-0"]
[PlyCount "93"]
[EventDate "2012.09.02"]

1. d4 Nf6 2. c4 g6 3. f3 c5 4. d5 d6 5. e4 Bg7 6. Ne2 O-O 7. Nec3 Bd7 8. Be2 b5
9. cxb5 a6 10. Na3 axb5 11. Naxb5 Na6 12. O-O Nc7 13. a4 Bxb5 14. Nxb5 Nxb5 15.
Bxb5 Qc7 16. Bd2 Nd7 17. Bc3 Bxc3 18. bxc3 Nf6 19. Qe2 c4 20. Bc6 Ra5 21. Rfb1
Rb8 22. Qxc4 Rc5 23. Rxb8+ Qxb8 24. Qb4 Qa7 25. Qb7 Qa5 26. Qb4 Qa7 27. Kh1 e6
28. c4 exd5 29. exd5 Ra5 30. h3 Qd4 31. Re1 Rc5 32. Qb8+ Kg7 33. Qxd6 Rxc4 34.
Qe5 Qd2 35. Qe2 Qf4 36. a5 Rc1 37. Rxc1 Qxc1+ 38. Kh2 Qa3 39. a6 Nxd5 40. Bxd5
Qd6+ 41. f4 Qxf4+ 42. g3 Qd4 43. Bg2 Qb6 44. Qe5+ Kf8 45. Qh8+ Ke7 46. Qc8 Qd6
47. a7 1-0

[Event "LIV Festival B"]
[Site "Imperia ITA"]
[Date "2012.09.04"]
[Round "3"]
[White "Labarthe, Arnaud"]
[Black "Manino, Edoardo"]
[WhiteElo "1862"]
[BlackElo "1900"]
[Result "0-1"]
[PlyCount "92"]
[EventDate "2012.09.02"]

1. d4 d5 2. Nc3 Nf6 3. Bg5 c5 4. e4 dxe4 5. d5 Bf5 6. Nge2 Nbd7 7. Ng3 Bg6 8.
h4 h6 9. h5 Bh7 10. Bf4 a6 11. a4 Nb6 12. Be3 Nbxd5 13. Qd2 e6 14. O-O-O Qa5
15. Ncxe4 Qxd2+ 16. Nxd2 Nb4 17. Nc4 Nfd5 18. Bd3 Nxd3+ 19. cxd3 Be7 20. Ne4
Nxe3 21. Nxe3 b5 22. f3 O-O 23. g4 f5 24. gxf5 exf5 25. Nd5 Bd8 26. Nd6 Ra7 27.
Rde1 Kh8 28. Nc8 Bg5+ 29. f4 Rxc8 30. fxg5 hxg5 31. Ne7 Rcc7 32. Ng6+ Kg8 33.
Re8+ Kf7 34. Rf8+ Ke6 35. Re1+ Kd6 36. Rxf5 Bxg6 37. hxg6 Re7 38. Ref1 Re2 39.
Rxg5 Rae7 40. axb5 axb5 41. d4 cxd4 42. Rxb5 Ra7 43. Kb1 Kc6 44. Rbf5 Rb7 45.
Rc1+ Kd6 46. Rc2 d3 0-1

[Event "LIV Festival B"]
[Site "Imperia ITA"]
[Date "2012.09.05"]
[Round "4"]
[White "Manino, Edoardo"]
[Black "Garrapa, Gianluigi"]
[WhiteElo "1900"]
[BlackElo "1975"]
[Result "0-1"]
[PlyCount "62"]
[EventDate "2012.09.02"]

1. d4 d5 2. c4 e6 3. Nc3 Nf6 4. cxd5 exd5 5. Bg5 Nbd7 6. e3 Be7 7. Bd3 O-O 8.
Qc2 c6 9. Nf3 Re8 10. O-O h6 11. Bh4 Ne4 12. Bxe7 Qxe7 13. Nd2 Ndf6 14. Rae1
Nxd2 15. Qxd2 Ne4 16. Bxe4 dxe4 17. f3 Bf5 18. fxe4 Bxe4 19. Nxe4 Qxe4 20. Rf4
Qe6 21. a3 Rad8 22. e4 c5 23. e5 cxd4 24. Qb4 Qd5 25. Ree4 d3 26. Rd4 Qxe5 27.
Rfe4 Qxe4 28. Rxe4 Rxe4 29. Qa5 b6 30. Qd2 Re2 31. Qd1 d2 0-1

[Event "LIV Festival B"]
[Site "Imperia ITA"]
[Date "2012.09.06"]
[Round "5"]
[White "Ratti, Marco"]
[Black "Manino, Edoardo"]
[WhiteElo "1922"]
[BlackElo "1900"]
[Result "0-1"]
[PlyCount "80"]
[EventDate "2012.09.02"]

1. d4 c5 2. d5 f5 3. e4 fxe4 4. Nc3 Nf6 5. Bg5 g6 6. h4 d6 7. Be2 Nbd7 8. h5
Ne5 9. hxg6 Bf5 10. Bxf6 exf6 11. Rxh7 Rxh7 12. gxh7 Bxh7 13. Bh5+ Kd7 14. Qe2
Qa5 15. O-O-O Bh6+ 16. Kb1 f5 17. g4 Rf8 18. gxf5 Bxf5 19. Nxe4 Qb4 20. Nd2 c4
21. Ngf3 Nd3 22. Nxc4 Nxb2 23. Nxb2 Bg7 24. Nd4 Bxd4 25. Rxd4 Qxd4 26. Qb5+ Kc8
27. Nc4 Qc5 28. Qxc5+ dxc5 29. Nd6+ Kc7 30. Nb5+ Kb6 31. Nc3 Ka5 32. f3 Kb4 33.
Kb2 Rh8 34. a3+ Kc4 35. Bf7 Rh7 36. Bg8 Rg7 37. Be6 Bxe6 38. dxe6 Re7 39. f4
Rxe6 40. f5 Rb6+ 0-1

[Event "LIV Festival B"]
[Site "Imperia ITA"]
[Date "2012.09.07"]
[Round "6"]
[White "Manino, Edoardo"]
[Black "Morselli, Stefano"]
[WhiteElo "1900"]
[BlackElo "1881"]
[Result "0-1"]
[PlyCount "90"]
[EventDate "2012.09.02"]

1. d4 Nf6 2. c4 g6 3. f3 d6 4. e4 Bg7 5. Nc3 c6 6. Be3 O-O 7. Qd2 Na6 8. Bd3
Nb4 9. Nge2 e5 10. a3 Nxd3+ 11. Qxd3 Nh5 12. d5 c5 13. g4 Nf6 14. O-O-O a6 15.
h4 Nxg4 16. fxg4 Bxg4 17. Rdg1 f5 18. Bg5 Qb8 19. Rxg4 fxg4 20. h5 Rf3 21. Qd2
Qf8 22. hxg6 hxg6 23. Qe1 b5 24. cxb5 axb5 25. Nxb5 Rb8 26. Nec3 g3 27. Qg1 Rb7
28. Qg2 Rbf7 29. Nd1 Rf1 30. Rxf1 Rxf1 31. Qxg3 Rxd1+ 32. Kxd1 Qf1+ 33. Kc2
Qxb5 34. Qd3 Qa4+ 35. Kd2 Qd7 36. b4 cxb4 37. axb4 Qa4 38. Qc4 Qa3 39. b5 Qb2+
40. Kd3 Qf2 41. Bd8 Bh6 42. Kc3 Bc1 43. Qd3 Qb2+ 44. Kc4 Bd2 45. Qf3 Qc2+ 0-1

[Event "LIV Festival B"]
[Site "Imperia ITA"]
[Date "2012.09.08"]
[Round "7"]
[White "Cardona, Paolo"]
[Black "Manino, Edoardo"]
[WhiteElo "1834"]
[BlackElo "1900"]
[Result "0-1"]
[PlyCount "116"]
[EventDate "2012.09.02"]

1. c4 e6 2. Nc3 d5 3. cxd5 exd5 4. d3 Nf6 5. Nf3 c5 6. g3 Nc6 7. Bg2 Be7 8. O-O
O-O 9. b3 Bg4 10. h3 Bd7 11. Bb2 d4 12. Nb1 Be6 13. Nbd2 Nd5 14. Rc1 f5 15. Nc4
f4 16. g4 h5 17. gxh5 Qe8 18. Kh2 Qxh5 19. Ng1 b5 20. e4 Qxd1 21. Rfxd1 Ndb4
22. Na3 Nxa2 23. Ra1 Bxb3 24. Rd2 Rab8 25. Nc2 Bxc2 26. Rxc2 Nab4 27. Rd2 a5
28. Nf3 Bd6 29. Kh1 a4 30. Rc1 Rfc8 31. h4 Ne5 32. Nxe5 Bxe5 33. Ba3 Na6 34.
Bh3 Rc7 35. f3 Rb6 36. Rg1 b4 37. Bc1 Nb8 38. Rg5 Bf6 39. Rg6 Ra6 40. Rdg2 Bxh4
41. Bxf4 Rxg6 42. Rxg6 Rb7 43. Be6+ Kh8 44. Bd5 Rb5 45. Be5 Bf6 46. Rg3 Kh7 47.
Bf4 g5 48. Bc1 b3 49. Rg2 Na6 50. Bc6 Nc7 51. Bxb5 Nxb5 52. e5 Bxe5 53. Rxg5 a3
54. Rxe5 b2 55. Rh5+ Kg7 56. Bxb2 axb2 57. Rg5+ Kf6 58. Rg1 Nc3 0-1

[Event "LIV Festival B"]
[Site "Imperia ITA"]
[Date "2012.09.09"]
[Round "8"]
[White "Manino, Edoardo"]
[Black "Restifo, Katiuscia"]
[WhiteElo "1900"]
[BlackElo "1859"]
[Result "1-0"]
[PlyCount "73"]
[EventDate "2012.09.02"]

1. d4 Nf6 2. c4 c5 3. d5 b5 4. cxb5 a6 5. b6 Qxb6 6. Nc3 g6 7. e4 d6 8. Nf3 Bg7
9. Nd2 O-O 10. Nc4 Qc7 11. Be2 Nbd7 12. O-O Rb8 13. Bf4 Ne5 14. Nxe5 dxe5 15.
Be3 Rxb2 16. Na4 Rb4 17. a3 Rxe4 18. Rc1 Nd7 19. Nxc5 Nxc5 20. Bxc5 Qd7 21. f3
Ra4 22. Qd2 f5 23. Bd1 Rh4 24. Qf2 Rh6 25. Bb3 Kh8 26. Bb6 Qb5 27. Ba2 Qd3 28.
Qc5 Qb5 29. Qxb5 axb5 30. Rc7 g5 31. Bc5 Re8 32. Bxe7 Rg6 33. Rfc1 Ba6 34. d6
e4 35. d7 Rb8 36. Rc8+ Rxc8 37. Rxc8+ 1-0

[Event "III Open B"]
[Site "Biella ITA"]
[Date "2012.09.28"]
[Round "1"]
[White "Doromeychuk, Anton"]
[Black "Pedemonte, Claudio"]
[WhiteElo "1686"]
[BlackElo "1871"]
[Result "0-1"]
[PlyCount "110"]
[EventDate "2012.09.28"]

1. e4 d6 2. d4 Nf6 3. Nc3 g6 4. Be3 Bg7 5. h3 c6 6. Nf3 b5 7. a3 Bb7 8. Qd2 O-O
9. Bh6 Nbd7 10. Bxg7 Kxg7 11. Bd3 e5 12. O-O Qb6 13. Ne2 c5 14. dxe5 Nxe5 15.
Ng3 c4 16. Be2 Nxe4 17. Nxe4 Bxe4 18. Qc3 f6 19. Nd4 Bd5 20. Rad1 Bg8 21. f4
Nc6 22. Kh1 d5 23. f5 Rae8 24. Bg4 Nxd4 25. Rxd4 Re5 26. h4 Rfe8 27. fxg6 hxg6
28. Rdf4 d4 29. Rxd4 f5 30. Bf3 Qf6 31. Kg1 Bf7 32. Qd2 Qb6 33. Kh1 Qc5 34. Qc3
Kg8 35. Qd2 Re3 36. c3 Qe7 37. Qf2 Qe5 38. Rfd1 Kg7 39. Rd7 a5 40. g3 Qc5 41.
Bd5 R8e7 42. Rxe7 Qxe7 43. Bf3 Qe5 44. Rd2 f4 45. g4 Be6 46. Re2 Bd5 47. Bxd5
Rxe2 48. Qa7+ Qe7 49. Qd4+ Kh7 50. Qxf4 Rxb2 51. Be4 Re2 52. Bxg6+ Kxg6 53. h5+
Kh7 54. Qf5+ Kh8 55. Qf3 Qe4 0-1

[Event "III Open B"]
[Site "Biella ITA"]
[Date "2012.09.28"]
[Round "1"]
[White "Riboldi, Raffaele"]
[Black "Calzolari, Marco"]
[WhiteElo "1877"]
[BlackElo "1701"]
[Result "1-0"]
[PlyCount "77"]
[EventDate "2012.09.28"]

1. d4 Nf6 2. c4 c5 3. d5 b5 4. Nf3 b4 5. Nc3 g6 6. Na4 d6 7. b3 Bg7 8. Bb2 O-O
9. e3 Bd7 10. Bd3 Bxa4 11. bxa4 Qa5 12. O-O Nbd7 13. Bc2 Nb6 14. Nd2 Qa6 15.
Bb3 Rad8 16. a3 bxa3 17. Rxa3 Nbd7 18. Qc2 e6 19. e4 exd5 20. cxd5 Rfe8 21. Bc4
Qb7 22. Bc3 a6 23. Rb1 Qa7 24. Rab3 Rb8 25. f3 Nb6 26. Bf1 Nbd7 27. Nc4 Rxb3
28. Rxb3 Rb8 29. Qb2 Rxb3 30. Qxb3 Ne8 31. Bxg7 Kxg7 32. a5 Ne5 33. Nxe5 dxe5
34. Qb6 Qxb6 35. axb6 Nd6 36. Bxa6 Kf6 37. b7 Nxb7 38. Bxb7 Ke7 39. Kf2 1-0

[Event "III Open B"]
[Site "Biella ITA"]
[Date "2012.09.28"]
[Round "1"]
[White "Rocchi, Enrico"]
[Black "Listello, Massimiliano"]
[WhiteElo "1892"]
[BlackElo "1715"]
[Result "1/2-1/2"]
[PlyCount "81"]
[EventDate "2012.09.28"]

1. e4 e6 2. d4 d5 3. e5 c5 4. c3 Nc6 5. Nf3 Qb6 6. Bd3 Bd7 7. O-O cxd4 8. cxd4
Nxd4 9. Nxd4 Qxd4 10. Nc3 a6 11. Qe2 Ne7 12. Kh1 Nc6 13. f4 Bc5 14. a3 Ba7 15.
Bd2 Ne7 16. Rf3 Qb6 17. Be3 Qc7 18. Bxa7 Rxa7 19. Rff1 g6 20. Rac1 Qb6 21. Rfd1
h5 22. b4 h4 23. h3 d4 24. Ne4 Bc6 25. Nc5 Nd5 26. Be4 Nc3 27. Bxc6+ Qxc6 28.
Rxc3 dxc3 29. Rd6 Qc8 30. Qc2 Rg8 31. Qxc3 Ra8 32. Qf3 Rb8 33. Qg4 b6 34. Nxe6
fxe6 35. Rxe6+ Kf7 36. Rf6+ Ke7 37. Qg5 Ke8 38. f5 Qd7 39. Re6+ Kf8 40. Rf6+
Ke8 41. Re6+ 1/2-1/2

[Event "III Open B"]
[Site "Biella ITA"]
[Date "2012.09.28"]
[Round "1"]
[White "Saviano, Sabato"]
[Black "Benenati, Gianfranco"]
[WhiteElo "1708"]
[BlackElo "1889"]
[Result "1-0"]
[PlyCount "77"]
[EventDate "2012.09.28"]

1. c4 Nf6 2. Nc3 g6 3. e4 d6 4. d3 Bg7 5. h3 Nc6 6. Nf3 O-O 7. Be2 h6 8. O-O e5
9. Be3 Kh7 10. Nh2 Ng8 11. f4 exf4 12. Bxf4 Nd4 13. Bg4 c6 14. Bxc8 Rxc8 15.
Qd2 Qe7 16. Ng4 h5 17. Nh2 Ne6 18. Be3 Bd4 19. Nf3 Bxe3+ 20. Qxe3 Ra8 21. Rf2
Nh6 22. Raf1 f5 23. exf5 Nxf5 24. Qxe6 Rfe8 25. Qxe7+ Rxe7 26. Ne4 Kg7 27. g4
hxg4 28. hxg4 Ne3 29. Re1 Nxg4 30. Rg2 Ne5 31. Nxe5 Rxe5 32. Rf1 d5 33. Nd6
dxc4 34. Rf7+ Kh6 35. Rf6 Re1+ 36. Kf2 Rh1 37. Rfxg6+ Kh7 38. Rg7+ Kh6 39. Nf7+
1-0

[Event "III Open B"]
[Site "Biella ITA"]
[Date "2012.09.29"]
[Round "2"]
[White "Bouanani, Denis"]
[Black "Riboldi, Raffaele"]
[WhiteElo "1729"]
[BlackElo "1877"]
[Result "0-1"]
[PlyCount "82"]
[EventDate "2012.09.28"]

1. d4 Nf6 2. Nf3 e6 3. c4 b6 4. Nc3 Bb7 5. Bg5 d5 6. e3 Nbd7 7. Bd3 h6 8. Bh4
Be7 9. O-O O-O 10. Rc1 c5 11. Qe2 Ne4 12. Bxe7 Qxe7 13. cxd5 exd5 14. Ba6 Ndf6
15. Bxb7 Qxb7 16. dxc5 bxc5 17. Rfd1 Rfd8 18. b3 Nxc3 19. Rxc3 Ne4 20. Rc2 Qb4
21. Qe1 Qb5 22. Qf1 Qb6 23. Nd2 Nf6 24. Nb1 Rac8 25. Nc3 Qe6 26. Na4 c4 27.
bxc4 dxc4 28. Rxd8+ Rxd8 29. Rxc4 Rd2 30. Nc5 Qd5 31. Rc1 Rxa2 32. h3 a5 33.
Qc4 Qd2 34. Qf1 a4 35. Qe1 Qd5 36. Qd1 a3 37. Qxd5 Nxd5 38. Nb3 Rb2 39. Rc8+
Kh7 40. Nd4 a2 41. Nc2 Rxc2 0-1

[Event "III Open B"]
[Site "Biella ITA"]
[Date "2012.09.29"]
[Round "2"]
[White "Pairotti, Alberto"]
[Black "Arruzza, Francesco"]
[WhiteElo "1722"]
[BlackElo "1863"]
[Result "0-1"]
[PlyCount "112"]
[EventDate "2012.09.28"]

1. e4 Nf6 2. Nc3 d5 3. exd5 Nxd5 4. Nxd5 Qxd5 5. Qf3 Qxf3 6. Nxf3 Bf5 7. c3 e6
8. d4 Be7 9. Bf4 c6 10. Be2 O-O 11. O-O Nd7 12. Rfe1 Bf6 13. Bc4 b5 14. Bb3 c5
15. dxc5 Nxc5 16. Bd6 Rfc8 17. Bxc5 Rxc5 18. Rad1 Rc7 19. Ne5 a5 20. g4 Bg6 21.
Nxg6 hxg6 22. Rd3 a4 23. Bc2 a3 24. bxa3 Rxc3 25. Rxc3 Bxc3 26. Re3 Rxa3 27.
Bb3 b4 28. Rd3 Ra8 29. f4 Kf8 30. f5 gxf5 31. gxf5 exf5 32. Rd7 Ra7 33. Rd5 g6
34. Kf2 Kg7 35. h4 Re7 36. Kf3 Be1 37. h5 Bc3 38. Bc2 Kh6 39. hxg6 fxg6 40. Rd6
Kg5 41. Rd1 Kf6 42. Bb3 g5 43. Rd6+ Kg7 44. Be6 g4+ 45. Kf4 g3 46. Kxf5 g2 47.
Rd1 Bd4 48. Rxd4 g1=Q 49. Rd8 Qf2+ 50. Kg4 Qe2+ 51. Kg5 Qxe6 52. Rd1 Qe3+ 53.
Kh4 Re4+ 54. Kh5 Qf3+ 55. Kg5 Qf4+ 56. Kh5 Re5# 0-1

[Event "III Open B"]
[Site "Biella ITA"]
[Date "2012.09.29"]
[Round "2"]
[White "Pedemonte, Claudio"]
[Black "Onida, Davide"]
[WhiteElo "1871"]
[BlackElo "1730"]
[Result "0-1"]
[PlyCount "110"]
[EventDate "2012.09.28"]

1. c4 Nf6 2. Nc3 g6 3. e4 d6 4. g3 Nc6 5. Bg2 Bg4 6. Nge2 Qd7 7. h3 Bxe2 8.
Nxe2 Bg7 9. d4 e5 10. Be3 O-O 11. O-O Rfe8 12. d5 Ne7 13. b4 a5 14. a3 Qc8 15.
Qd2 axb4 16. axb4 Qd7 17. Qc2 b5 18. c5 c6 19. cxd6 Qxd6 20. Bc5 Qd7 21. Bxe7
Qxe7 22. Qxc6 Rxa1 23. Rxa1 Qxb4 24. Nc3 Bf8 25. Qxf6 Bc5 26. Qf3 Bd4 27. Rb1
Qxc3 28. Rxb5 Qxf3 29. Bxf3 Rd8 30. Bg4 h5 31. Bd1 Kf8 32. Rb7 Rd6 33. Rb8+ Ke7
34. Ra8 Rb6 35. Ba4 Rf6 36. Re8+ Kd6 37. Rd8+ Kc5 38. Rc8+ Kb4 39. Bc6 Rxf2 40.
Rb8+ Kc5 41. Rb5+ Kd6 42. Kh1 f5 43. exf5 gxf5 44. Be8 Bc5 45. Bxh5 Kxd5 46.
Ra5 e4 47. Bf7+ Kd4 48. h4 e3 49. Kg1 Rf3 50. Kg2 e2 51. Ra1 Ke3 52. Bh5 Rf2+
53. Kg1 Kd2 54. Ra2+ Kc3 55. Ra3+ Kb2 0-1

[Event "III Open B"]
[Site "Biella ITA"]
[Date "2012.09.29"]
[Round "2"]
[White "Porzio, Massimo"]
[Black "Borghi, Dario"]
[WhiteElo "1848"]
[BlackElo "1724"]
[Result "1/2-1/2"]
[PlyCount "54"]
[EventDate "2012.09.28"]

1. e4 e5 2. Nf3 Nc6 3. Bb5 Bc5 4. O-O Qf6 5. Nc3 Nge7 6. d3 h6 7. Bxc6 dxc6 8.
Be3 Bd4 9. Bxd4 exd4 10. Ne2 c5 11. Ng3 Nc6 12. Nh5 Qg6 13. Nf4 Qf6 14. Nd5 Qd6
15. Nd2 Ne5 16. Qh5 c6 17. f4 cxd5 18. fxe5 Qe6 19. exd5 Qxd5 20. Nc4 O-O 21.
Qf3 Qxf3 22. Rxf3 Be6 23. Nd6 Bd5 24. Rf2 Rad8 25. a4 a6 26. Raf1 f6 27. Nf5
Rde8 1/2-1/2

[Event "III Open B"]
[Site "Biella ITA"]
[Date "2012.09.29"]
[Round "3"]
[White "Arruzza, Francesco"]
[Black "Libutti, Michele"]
[WhiteElo "1863"]
[BlackElo "1752"]
[Result "1/2-1/2"]
[PlyCount "116"]
[EventDate "2012.09.28"]

1. e4 c6 2. d4 d5 3. exd5 cxd5 4. Bd3 Nc6 5. c3 Nf6 6. h3 e6 7. Nf3 Bd6 8. Be3
a6 9. Nbd2 b5 10. b4 e5 11. dxe5 Nxe5 12. Nb3 Nc4 13. Bxc4 dxc4 14. Nbd4 O-O
15. O-O Qc7 16. a4 Bd7 17. axb5 axb5 18. Qc2 Nd5 19. Bd2 Bf4 20. Rxa8 Rxa8 21.
Qe4 Bxd2 22. Qxd5 Ra2 23. Nxd2 Rxd2 24. Qa8+ Qc8 25. Qxc8+ Bxc8 26. Ra1 Bb7 27.
Ra7 Rd1+ 28. Kh2 Be4 29. Re7 f5 30. Nxb5 Rc1 31. Rc7 Bd3 32. Nd6 g6 33. Nxc4
Rxc3 34. Rc8+ Kg7 35. Nd6 Rxc8 36. Nxc8 Kf6 37. Nd6 Ke7 38. Nb7 Bb5 39. Kg3 g5
40. f4 h6 41. fxg5 hxg5 42. h4 gxh4+ 43. Kxh4 Bc6 44. Nc5 Bxg2 45. Kg5 Be4 46.
Kf4 Kd6 47. Nxe4+ fxe4 48. Kxe4 Kc6 49. Kd4 Kb5 50. Kc3 Kb6 51. Kc4 Kc6 52. b5+
Kb6 53. Kb4 Kb7 54. Ka5 Ka7 55. b6+ Kb7 56. Kb5 Kb8 57. Kc6 Kc8 58. b7+ Kb8
1/2-1/2

[Event "III Open B"]
[Site "Biella ITA"]
[Date "2012.09.29"]
[Round "3"]
[White "Giovarruscio, Gabriele"]
[Black "Biancotti, Alessandro"]
[WhiteElo "1732"]
[BlackElo "1834"]
[Result "0-1"]
[PlyCount "130"]
[EventDate "2012.09.28"]

1. d4 Nf6 2. c4 g6 3. Nf3 Bg7 4. g3 O-O 5. Bg2 d5 6. cxd5 Nxd5 7. O-O Bg4 8.
Nbd2 Nc6 9. h3 Bd7 10. e3 Nb6 11. a3 Qc8 12. Kh2 e5 13. dxe5 Nxe5 14. Nxe5 Bxe5
15. Rb1 Be6 16. b3 Bd5 17. e4 Bc6 18. f4 Bg7 19. Qc2 Qd7 20. Nf3 Rad8 21. Be3
Qd3 22. Qxd3 Rxd3 23. Bxb6 axb6 24. e5 Rfd8 25. Rf2 Bf8 26. a4 Bc5 27. Rff1 b5
28. b4 Ba7 29. axb5 Bxb5 30. Rfc1 Bc6 31. Rf1 Bb6 32. Rb2 Rc3 33. Ng1 Bxg2 34.
Kxg2 Bxg1 35. Rxg1 Rdd3 36. Kh2 Kf8 37. Rgg2 Ke7 38. h4 Ke6 39. Kh3 h5 40. Rb1
Kd5 41. Rbb2 Rb3 42. Rgd2 Kc4 43. Rxd3 Rxd3 44. Ra2 b5 45. Re2 Kxb4 46. e6 fxe6
47. Rxe6 Rd6 48. Re4+ Kc3 49. Re3+ Kd2 50. Re5 b4 51. f5 b3 52. fxg6 Rxg6 53.
Rxh5 Rb6 54. Rd5+ Ke3 55. Re5+ Kd4 56. Re1 b2 57. h5 c5 58. g4 c4 59. g5 c3 60.
h6 c2 61. h7 Rb8 62. Re7 c1=Q 63. Rd7+ Ke5 64. Re7+ Kd6 65. Rg7 Qc3+ 0-1

[Event "III Open B"]
[Site "Biella ITA"]
[Date "2012.09.29"]
[Round "3"]
[White "Onida, Davide"]
[Black "Rossero, Tullio"]
[WhiteElo "1730"]
[BlackElo "1791"]
[Result "1-0"]
[PlyCount "55"]
[EventDate "2012.09.28"]

1. e4 d6 2. d4 Nf6 3. Nc3 g6 4. Be3 Bg7 5. h3 O-O 6. Bc4 c6 7. Bb3 b5 8. f3 a6
9. Nge2 e5 10. dxe5 dxe5 11. O-O Qc7 12. Qc1 Nbd7 13. Bh6 Qd8 14. Rd1 Nh5 15.
Bxg7 Kxg7 16. g4 Nhf6 17. Kh2 Qb6 18. Kg2 a5 19. a3 Ra7 20. Ng3 Rg8 21. Qg5 Kh8
22. Bxf7 Rg7 23. Ba2 Qc5 24. Rd2 Qe7 25. Rad1 Nf8 26. Rd6 Be6 27. Bxe6 Nxe6 28.
Qxe5 1-0

[Event "III Open B"]
[Site "Biella ITA"]
[Date "2012.09.29"]
[Round "3"]
[White "Riboldi, Raffaele"]
[Black "Bellafiore, Enzo"]
[WhiteElo "1877"]
[BlackElo "1768"]
[Result "1-0"]
[PlyCount "151"]
[EventDate "2012.09.28"]

1. d4 e6 2. c4 d5 3. Nc3 a6 4. cxd5 exd5 5. Bf4 Nf6 6. e3 c6 7. Bd3 Bd6 8. Bg5
Nbd7 9. Nge2 h6 10. Bh4 Qc7 11. Bg3 O-O 12. Rc1 Re8 13. O-O Bxg3 14. Nxg3 Nf8
15. Qc2 Bd7 16. Rce1 Ne6 17. f3 Rac8 18. Qf2 c5 19. dxc5 Nxc5 20. Bb1 b5 21. b4
Nb7 22. Rc1 Qe5 23. Nce2 Qxe3 24. Qxe3 Rxe3 25. Rxc8+ Bxc8 26. Rc1 Re8 27. Rc6
a5 28. a3 axb4 29. axb4 Bd7 30. Rb6 Nd8 31. Bd3 Nc6 32. Bxb5 Ne5 33. Nd4 Bxb5
34. Rxb5 Nd3 35. h3 Re1+ 36. Kh2 Rb1 37. Rb8+ Kh7 38. b5 Rb4 39. Nc6 Rb2 40.
Nd4 Nf4 41. b6 Rxg2+ 42. Kh1 Rxg3 43. b7 Rxh3+ 44. Kg1 Rg3+ 45. Kf1 Nd7 46. Rd8
Nh3 47. Rxd7 Rg1+ 48. Ke2 Rb1 49. Nc6 Nf4+ 50. Ke3 g5 51. Rxf7+ Kg6 52. Rd7
Rb3+ 53. Kd2 h5 54. b8=Q Rxb8 55. Nxb8 h4 56. Nc6 h3 57. Ne5+ Kf5 58. Ng4 Ke6
59. Rg7 Kf5 60. Rg8 d4 61. Rh8 Kg6 62. Rh6+ Kg7 63. Rd6 d3 64. Rxd3 Nxd3 65.
Kxd3 Kg6 66. Ke3 Kh5 67. Kf2 Kh4 68. Nh2 Kh5 69. Kg3 Kg6 70. Kxh3 Kf5 71. Kg3
Kf6 72. Kg4 Kg6 73. Nf1 Kf6 74. Ng3 Kg6 75. Ne4 Kh6 76. Nxg5 1-0

[Event "III Open B"]
[Site "Biella ITA"]
[Date "2012.09.30"]
[Round "5"]
[White "Arruzza, Francesco"]
[Black "Porzio, Massimo"]
[WhiteElo "1863"]
[BlackElo "1848"]
[Result "1/2-1/2"]
[PlyCount "57"]
[EventDate "2012.09.28"]

1. e4 c5 2. Nf3 d6 3. d4 cxd4 4. Nxd4 Nf6 5. f3 Nc6 6. c4 g6 7. Be3 Bg7 8. Qd2
O-O 9. Nc3 Nd7 10. Be2 a6 11. O-O Nxd4 12. Bxd4 Bxd4+ 13. Qxd4 Qb6 14. Qxb6
Nxb6 15. b3 Be6 16. f4 f5 17. exf5 Bxf5 18. Bf3 Rab8 19. Be4 Bxe4 20. Nxe4 Nd7
21. g3 h6 22. Rfe1 Kf7 23. Rad1 Rbc8 24. Rd3 Nc5 25. Nxc5 Rxc5 26. Rde3 Re8 27.
Re4 Rc7 28. R1e2 Rec8 29. Kg2 1/2-1/2

[Event "III Open B"]
[Site "Biella ITA"]
[Date "2012.09.30"]
[Round "5"]
[White "Drago, Paolo"]
[Black "Libutti, Michele"]
[WhiteElo "1785"]
[BlackElo "1752"]
[Result "1-0"]
[PlyCount "88"]
[EventDate "2012.09.28"]

1. d4 Nf6 2. c4 g6 3. Nc3 Bg7 4. e4 d6 5. f3 O-O 6. Be3 c6 7. Qd2 e5 8. d5 Qa5
9. Bd3 cxd5 10. cxd5 a6 11. Nge2 Nbd7 12. a3 b5 13. b4 Qd8 14. O-O Nb6 15. Rfc1
Bd7 16. Nd1 Ne8 17. Nb2 f5 18. Nc3 f4 19. Bf2 g5 20. a4 Nxa4 21. Ncxa4 bxa4 22.
Nxa4 g4 23. Kh1 Bf6 24. Nb6 Bh4 25. Nxa8 g3 26. hxg3 Bxg3 27. Bxg3 fxg3 28. Qh6
Rf4 29. Kg1 Rh4 30. Qd2 Rh2 31. Kf1 Bh3 32. Ra2 Rxg2 33. Qxg2 Bxg2+ 34. Rxg2
Qxa8 35. Rxg3+ Kh8 36. Rc6 a5 37. bxa5 Qxa5 38. Rc8 Qa1+ 39. Kg2 Qb2+ 40. Kh3
h6 41. Rxe8+ Kh7 42. Reg8 h5 43. R8g7+ Kh8 44. R7g5 Qa2 1-0

[Event "III Open B"]
[Site "Biella ITA"]
[Date "2012.09.30"]
[Round "5"]
[White "Guerini, Silvia jr"]
[Black "Brioschi, Camillo"]
[WhiteElo "1715"]
[BlackElo "1822"]
[Result "1/2-1/2"]
[PlyCount "53"]
[EventDate "2012.09.28"]

1. e4 e5 2. Nf3 Nc6 3. Bc4 Nf6 4. d3 Be7 5. c3 d6 6. h3 O-O 7. Bb3 Na5 8. Bc2
c5 9. Nbd2 Nc6 10. O-O h6 11. Re1 Re8 12. Nf1 Bf8 13. Ng3 g6 14. Be3 Bg7 15. d4
cxd4 16. cxd4 d5 17. dxe5 Nxe5 18. Nxe5 Rxe5 19. Bb3 Nxe4 20. Bd4 Re8 21. Bxg7
Kxg7 22. Qxd5 Qxd5 23. Bxd5 Nf6 24. Rxe8 Nxe8 25. Re1 Nf6 26. Bf3 Be6 27. a3
1/2-1/2

[Event "III Open B"]
[Site "Biella ITA"]
[Date "2012.09.30"]
[Round "5"]
[White "Riboldi, Raffaele"]
[Black "Biancotti, Alessandro"]
[WhiteElo "1877"]
[BlackElo "1834"]
[Result "1-0"]
[PlyCount "87"]
[EventDate "2012.09.28"]

1. d4 Nf6 2. c4 g6 3. Nc3 d5 4. Nf3 Bg7 5. cxd5 Nxd5 6. Qb3 Nxc3 7. bxc3 O-O 8.
e3 c5 9. Be2 Nc6 10. O-O cxd4 11. cxd4 Na5 12. Qb4 b6 13. Ba3 Nc6 14. Qb3 Bb7
15. Rac1 Qd7 16. Rfd1 Rfc8 17. Bb5 Qd8 18. Be2 e6 19. Ne1 Na5 20. Qb4 Rxc1 21.
Rxc1 Rc8 22. Rxc8 Qxc8 23. h3 Bd5 24. Qe7 Bf8 25. Qxf8+ Qxf8 26. Bxf8 Kxf8 27.
a3 Nc4 28. e4 Nxa3 29. exd5 b5 30. dxe6 fxe6 31. Bd3 b4 32. Nc2 Nxc2 33. Bxc2
Ke7 34. Kf1 Kd6 35. Ke2 Kd5 36. Kd3 e5 37. Bb3+ Kd6 38. d5 Kc5 39. Ke4 Kd6 40.
h4 h6 41. g4 a6 42. h5 gxh5 43. gxh5 a5 44. f3 1-0

[Event "Florence Move A"]
[Site "Firenze ITA"]
[Date "2012.10.05"]
[Round "1"]
[White "Carnicelli, Valerio"]
[Black "Collutiis, Duilio"]
[WhiteElo "1994"]
[BlackElo "2501"]
[Result "0-1"]
[PlyCount "84"]
[EventDate "2012.10.05"]

1. e4 c5 2. Nf3 Nc6 3. d4 cxd4 4. Nxd4 Qc7 5. Nc3 e6 6. a3 a6 7. Be3 b5 8. Be2
Bb7 9. O-O Nf6 10. Nb3 d6 11. f4 Be7 12. Bf3 O-O 13. Qe2 Rfe8 14. Qf2 Rac8 15.
Rad1 Nd7 16. Rd2 Nc5 17. Nxc5 dxc5 18. Rfd1 Nd4 19. Ne2 Nxf3+ 20. gxf3 Red8 21.
Nc1 Rxd2 22. Rxd2 c4 23. c3 Rd8 24. Bb6 Rxd2 25. Bxc7 Rxf2 26. Kxf2 Bc5+ 27.
Kg2 f6 28. Ne2 Be3 29. Bd6 Kf7 30. Kg3 Ke8 31. h3 Kd7 32. Bf8 g6 33. a4 bxa4
34. Nd4 f5 35. e5 Bxd4 36. cxd4 Kc6 37. Kf2 Kd5 38. Ke3 c3 39. bxc3 Kc4 40. Kd2
Kb3 41. Kd3 a3 42. Bxa3 Kxa3 0-1

[Event "Florence Move A"]
[Site "Firenze ITA"]
[Date "2012.10.05"]
[Round "1"]
[White "Dvirnyy, Danyyil"]
[Black "Stirpe, Claudio"]
[WhiteElo "2522"]
[BlackElo "1998"]
[Result "1-0"]
[PlyCount "93"]
[EventDate "2012.10.05"]

1. e4 c5 2. Nf3 d6 3. d4 cxd4 4. Nxd4 Nf6 5. Nc3 g6 6. f4 Nc6 7. Nf3 Bg7 8. Bd3
Qb6 9. h3 O-O 10. Qe2 Rd8 11. Qf2 Qxf2+ 12. Kxf2 d5 13. e5 Ne8 14. Bd2 Nb4 15.
Nb5 Nxd3+ 16. cxd3 b6 17. Rac1 Ba6 18. Nfd4 f6 19. Rhe1 Bxb5 20. Nxb5 a6 21.
Nd4 Rdc8 22. Rc6 Rxc6 23. Nxc6 fxe5 24. fxe5 e6 25. Be3 b5 26. Bb6 Bf8 27. Rc1
Ng7 28. g4 Kf7 29. Nd8+ Ke8 30. Nb7 Be7 31. Rc7 Kf8 32. Bc5 Re8 33. Bd6 Kf7 34.
Ke3 h5 35. Kd4 hxg4 36. hxg4 Kf8 37. Kc3 g5 38. Kb4 Nf5 39. gxf5 exf5 40. Nc5
g4 41. Ne6+ Kf7 42. Nf4 g3 43. Kc5 Kf8 44. Rxe7 Rxe7 45. Kxd5 Kf7 46. Bxe7 Kxe7
47. d4 1-0